The anthropology of religion : (Record no. 7069)

MARC details
000 -LEADER
fixed length control field 00825nac a22002291u 4500
010 ## - LIBRARY OF CONGRESS CONTROL NUMBER
LC control number 00022940
020 ## - INTERNATIONAL STANDARD BOOK NUMBER
International Standard Book Number 0631208488 (pbk. : alk. paper)
020 ## - INTERNATIONAL STANDARD BOOK NUMBER
International Standard Book Number 063120847X (alk. paper)
082 00 - DEWEY DECIMAL CLASSIFICATION NUMBER
Classification number 306.6
Item number BOW
090 ## - LOCALLY ASSIGNED LC-TYPE CALL NUMBER (OCLC); LOCAL CALL NUMBER (OCLC)
-- 7069
-- 7069
100 ## - MAIN ENTRY--PERSONAL NAME
Personal name Bowie, Fiona.
245 14 - TITLE STATEMENT
Title The anthropology of religion :
Remainder of title an introduction /
Statement of responsibility, etc Fiona Bowie.
260 ## - PUBLICATION, DISTRIBUTION, ETC. (IMPRINT)
Place of publication, distribution, etc Malden, MA :
Name of publisher, distributor, etc Blackwell Pub.,2000
Date of publication, distribution, etc 2000
300 ## - PHYSICAL DESCRIPTION
Extent xi, 284 p. :
Other physical details ill. ;
Dimensions 23 cm.
500 ## - GENERAL NOTE
General note distributer: Al-Ahram
504 ## - BIBLIOGRAPHY, ETC. NOTE
Bibliography, etc Includes bibliographical references and index.
511 ## - PARTICIPANT OR PERFORMER NOTE
Participant or performer note catalogued by: wessam
650 #0 - SUBJECT ADDED ENTRY--TOPICAL TERM
Topical term or geographic name as entry element Ethnology
General subdivision Religious aspects.
650 #0 - SUBJECT ADDED ENTRY--TOPICAL TERM
Topical term or geographic name as entry element Religion.
942 ## - ADDED ENTRY ELEMENTS (KOHA)
Item type Book - Borrowing
Call number prefix 306.6BOW
Holdings
Withdrawn status Item status Source of classification or shelving scheme Damaged status Not for loan Home library Current library Shelving location Date acquired Source of acquisition Cost, normal purchase price Total Checkouts Total Renewals Full call number Barcode Date last seen Date last borrowed Cost, replacement price Koha item type
    Dewey Decimal Classification     Central Library Central Library First floor 07/12/2016 Purchase 1480.00 5 28 306.6BOW 000008266 19/01/2026 26/09/2018 1850.00 Book - Borrowing